| 000 | 00494nam a2200181Ia 4500 | ||
|---|---|---|---|
| 999 |
_c6797 _d6797 |
||
| 020 | _a817827082X | ||
| 082 | _aRR 923.254 AMB- | ||
| 245 | 0 | _aAmbedkar's vision and education of weaker sections | |
| 260 |
_aNew Delhi _bManak Publications _c2004 |
||
| 300 | _axii, 199 | ||
| 650 |
_aAmbedkar, B.R. _vBiography |
||
| 650 |
_aSocial reformers _zIndia |
||
| 650 |
_aDalits _zIndia |
||
| 650 |
_aAmbedkar, B.R. _vViews on education |
||
| 700 | _aSohrot, A. | ||
| 700 | _aVerma, D.K. | ||
| 942 | _cBK | ||